000
00215nam a2200097Ia 4500
008
190216s9999||||xx |||||||||||||| ||und||
100
_a
Govinda Rajalu
245
0
_a
Tenniea
260
_b
Bhasha Institute
942
_c
BK
999
_c
40435
_d
40435